1815 1869 1613 1770 1395 1989 1549 1014 1203 1960 1322 1286 1236 1667 1107 1015 1109 1885 1910 1376 1870 1516 1423 1788 1932 1779 1594 1821 1469 1926 1901 1500 1826 1734 1039 1039 1474 1327 1085 1523 1863 1271 1368 1287 1579 1414 1154 1490 1298 1714 1333 1247 1309 1705 1689 1412 1529 1008 1776 1734 1508 1835 1061 1642 1549 1698 1109 1689 1519 1813 1621 1760 1909 1046 1063 1038 1929 1233 1197 1350 1230 1628 1993 1758 1710 1720 1796 1480 1246 1388 1307 1882 1299 1225 1990 1242 1623 1559 1186 BCNSPRNW ULIB Ver.6.0+V

เปลี่ยนเป็นภาษาไทย

Change to English
 แสดงรายละเอียดบรรณานุกรม
  กลับหน้าหลัก

Brief Record : Get Marc (ISO 2709) : E-mail record : QR code < ปิดหน้าต่าง
LEADER : 00000nam 2200000uu 4500
001    13399126323
003     ULIB
008    180906s2561||||th 000 0 tha d
020    ^a9786164431003
060  4 ^aWB115 ^bอ641
245 0  ^aอายุรศาสตร์ทันยุค 2561 = ^bUpdate in internal medicine 2018 / ^cบรรณาธิการ, มณฑิรา มณีรัตนะพร...[และคนอื่นๆ]
246 3   ^aUpdate in internal medicine 2018
250    ^aพิมพ์ครั้งที่ 1.
260    ^aกรุงเทพฯ : ^bภาควิชาอายุรศาสตร์ คณะแพทยศาสตร์ศิริราชพยาบาล, ^c2561.
300    ^a(17), 614 หน้า : ^bภาพประกอบ
500    ^aดัชนี.
504    ^aเอกสารอ้างอิงท้ายบท.
650  2 ^aInternal Medicine.
700 0  ^aมณฑิรา มณีรัตนะพร, ^eบรรณาธิการ.
700 0  ^aระวีวรรณ เลิศวัฒนารักษ์, ^eบรรณาธิการ.
700 0  ^aสุรัตน์ ทองอยู่, ^eบรรณาธิการ.
700 0  ^aนัฐพล ฤทธิ์ทยมัย, ^eบรรณาธิการ.
710 2  ^aมหาวิทยาลัยมหิดล. ^bคณะแพทยศาสตร์ศิริราชพยาบาล. ^bภาควิชาอายุรศาสตร์.
945    ^p500^l0^i26550
945    ^p500^l0^i26549
999    ^aกัณชพร จุลอักษร
รายการนี้ยังไม่มีแท็ก
คุณยังไม่ได้ล็อกอิน คุณสามารถมีกิจกรรมร่วมกับเว็บไซต์ได้ แต่ต้องล็อกอินก่อน ::
  ล็อกอิน

รายการสื่อสารสนเทศ

ลำดับที่ ประเภท เลขเรียก/บาร์โค้ด สถานที่ สถานะ
1. หนังสือสำรอง
หนังสือสำรอง
WB115 อ641 ฉ.1 
  Barcode: 26549
ห้องสมุดวิทยาเขตนครสวรรค์
►หนังสือทั่วไป:l:General Books
บนชั้น
2. วิทยาศาสตร์การแพทย์ และสุขภาพ
วิทยาศาสตร์การแพทย์ และสุขภาพ
WB115 อ641 ฉ.2 
  Barcode: 26550
ห้องสมุดวิทยาเขตนครสวรรค์
►หนังสือทั่วไป:l:General Books
บนชั้น

รายการใกล้เคียง
    หัวเรื่อง [Internal Medicine.]

BibComment


ยังไม่เคยถูกคอมเมนท์

คอมเมนท์ทรัพยากรรายการนี้
  คอมเมนท์: อายุรศาสตร์ทันยุ..


 Copyright 2026. Bcnsprnw @Library